[Event "C.to Provinciale CO"]
[Site "Mariano Comense ITA"]
[Date "2002.02.09"]
[Round "1"]
[White "Corti, Filippo"]
[Black "Rossi, Giampiero"]
[Result "0-1"]
[WhiteElo "1621"]
[BlackElo "2065"]
[PlyCount "66"]
[EventDate "2002.02.09"]

1. Nf3 d5 2. g3 c6 3. Bg2 Nf6 4. d3 Bf5 5. O-O e6 6. Nbd2 Nbd7 7. b3 Be7 8. Bb2
O-O 9. Nd4 Bg6 10. N4f3 h6 11. c4 Qb6 12. Rc1 a5 13. cxd5 exd5 14. Ne5 Nxe5 15.
Bxe5 Rfe8 16. Nf3 Nd7 17. Bf4 Bf6 18. Bh3 Nf8 19. Qd2 Ne6 20. Be5 Bxe5 21. Nxe5
Ng5 22. Nxg6 Nxh3+ 23. Kg2 Nxf2 24. Rxf2 fxg6 25. Rcf1 Re7 26. Qf4 Rae8 27. Qg4
c5 28. Qf3 Qe6 29. Rc1 b6 30. Re1 d4 31. Kg1 Rf7 32. Qg2 Rxf2 33. Kxf2 Qe3+ 0-1

[Event "C.to Provinciale CO"]
[Site "Mariano Comense ITA"]
[Date "2002.02.09"]
[Round "1"]
[White "Guerrini, Donato"]
[Black "Vignotto, Ciro"]
[Result "1-0"]
[WhiteElo "2035"]
[BlackElo "1618"]
[PlyCount "35"]
[EventDate "2002.02.09"]

1. Nf3 d5 2. g3 Nf6 3. Bg2 e6 4. O-O Be7 5. c4 c6 6. d4 Nbd7 7. Nbd2 O-O 8. a3
Qc7 9. b4 e5 10. cxd5 Nxd5 11. Bb2 exd4 12. Nxd4 N7f6 13. Rc1 Qe5 14. e4 Nb6
15. Nxc6 Qxb2 16. Nxe7+ Kh8 17. Nb1 Nxe4 18. Bxe4 1-0

[Event "C.to Provinciale CO"]
[Site "Mariano Comense ITA"]
[Date "2002.02.09"]
[Round "1"]
[White "Lancianese, Giuseppe"]
[Black "Zecca, Carlo"]
[Result "1-0"]
[WhiteElo "1645"]
[BlackElo "1455"]
[PlyCount "93"]
[EventDate "2002.02.09"]

1. e4 d5 2. exd5 Qxd5 3. d4 Nf6 4. c4 Qe4+ 5. Be3 b6 6. Nc3 Qb7 7. h3 Bf5 8.
Nf3 e6 9. Be2 Nbd7 10. O-O Bd6 11. Nh4 Be4 12. Nxe4 Qxe4 13. Bf3 Qxh4 14. Bxa8
Ng4 15. Qxg4 Qxg4 16. hxg4 O-O 17. Bf3 c5 18. Rad1 Be7 19. a3 Rd8 20. g5 g6 21.
Rd2 cxd4 22. Rxd4 Bc5 23. Rd3 Kf8 24. Rfd1 Ke7 25. Bxc5+ bxc5 26. Bc6 Ne5 27.
Rxd8 Nxc6 28. Re8+ Kxe8 29. Rd6 Ne5 30. b3 Ke7 31. Ra6 Nd3 32. Rxa7+ Kf8 33.
Rc7 Nc1 34. Rb7 Ne2+ 35. Kf1 Nc3 36. Rb5 Nxb5 37. cxb5 Ke8 38. a4 Kd7 39. a5
Kc7 40. Ke2 Kb8 41. Kd3 Kc7 42. Kc4 Kb7 43. Kxc5 Ka7 44. Kc6 Ka8 45. b6 Kb8 46.
a6 Ka8 47. b4 1-0

[Event "C.to Provinciale CO"]
[Site "Mariano Comense ITA"]
[Date "2002.02.09"]
[Round "1"]
[White "Mason, Giovanni"]
[Black "Buonocore, Elio"]
[Result "1-0"]
[WhiteElo "1600"]
[BlackElo "2105"]
[PlyCount "63"]
[EventDate "2002.02.09"]

1. e4 c5 2. f4 g6 3. Nf3 Nc6 4. c3 Bg7 5. a3 d5 6. e5 d4 7. Bc4 Bg4 8. Bxf7+
Kxf7 9. Ng5+ Ke8 10. Qxg4 Nh6 11. Qf3 Qd7 12. O-O e6 13. Ne4 Rf8 14. Nxc5 Qe7
15. b4 Rc8 16. Qe4 Nf5 17. Bb2 b6 18. Nb3 g5 19. Nxd4 Nfxd4 20. cxd4 gxf4 21.
Rxf4 Qd7 22. g4 Bh6 23. Rf1 Rg8 24. Kh1 Ne7 25. Nc3 Bxd2 26. Ne2 Nd5 27. Bc1
Nc3 28. Nxc3 Bxc3 29. Ra2 Qxd4 30. Qxd4 Bxd4 31. Rg2 Ke7 32. Re1 1-0

[Event "C.to Provinciale CO"]
[Site "Mariano Comense ITA"]
[Date "2002.02.09"]
[Round "1"]
[White "Petetta, Roberto"]
[Black "Romano', Fabio"]
[Result "0-1"]
[WhiteElo "1579"]
[BlackElo "1771"]
[PlyCount "46"]
[EventDate "2002.02.09"]

1. e4 e6 2. d4 d5 3. Nd2 Nf6 4. e5 Nfd7 5. Ngf3 c5 6. c3 Nc6 7. Nb3 cxd4 8.
cxd4 f6 9. Bf4 fxe5 10. Nxe5 Ndxe5 11. Bxe5 Bb4+ 12. Nd2 O-O 13. Bd3 Nxe5 14.
dxe5 Qg5 15. Qe2 Bxd2+ 16. Qxd2 Qxd2+ 17. Kxd2 Rxf2+ 18. Ke3 Rxg2 19. b3 Bd7
20. h4 Rf8 21. Raf1 Rxf1 22. Rxf1 Rg3+ 23. Kd4 Rxd3+ 0-1

[Event "C.to Provinciale CO"]
[Site "Mariano Comense ITA"]
[Date "2002.02.10"]
[Round "2"]
[White "Buonocore, Elio"]
[Black "Boasso, Adriano"]
[Result "1-0"]
[WhiteElo "2105"]
[BlackElo "1473"]
[PlyCount "67"]
[EventDate "2002.02.09"]

1. e4 c6 2. d4 d5 3. e5 Bf5 4. Nf3 e6 5. Be2 Ne7 6. O-O Ng6 7. c3 Be7 8. b3 Nd7
9. Na3 f6 10. exf6 Bxf6 11. Nc2 e5 12. Ne3 Be6 13. dxe5 Ngxe5 14. Nd4 Bf7 15.
f4 Ng6 16. Ng4 O-O 17. Bd3 Re8 18. Bb2 Nc5 19. Bf5 Qd6 20. Ba3 b6 21. g3 Qd8
22. Nxc6 Qc7 23. Nxf6+ gxf6 24. Nd4 Ne4 25. Rc1 Nf8 26. Re1 Nd7 27. Qg4+ Kh8
28. Bxd7 Rg8 29. Qf5 Rg6 30. Be7 Rag8 31. Rxe4 dxe4 32. Bxf6+ Rxf6 33. Qxf6+
Rg7 34. Nf5 1-0

[Event "C.to Provinciale CO"]
[Site "Mariano Comense ITA"]
[Date "2002.02.10"]
[Round "2"]
[White "Donadi, Luca"]
[Black "Orsenigo, Davide"]
[Result "0-1"]
[WhiteElo "1708"]
[BlackElo "1570"]
[PlyCount "66"]
[EventDate "2002.02.09"]

1. e4 c5 2. Nf3 d6 3. d4 cxd4 4. Nxd4 Nf6 5. Nc3 a6 6. Be2 e5 7. Nb3 Be7 8. O-O
Be6 9. f4 Qc7 10. f5 Bc4 11. Bd3 O-O 12. Bg5 Nbd7 13. Qd2 Rac8 14. Rf3 b5 15.
a3 Rfd8 16. Rg3 Nb6 17. Qe2 d5 18. Bh6 Bf8 19. Rf1 Kh8 20. Bg5 Be7 21. Rh3 dxe4
22. Bxf6 Bxf6 23. Nxe4 Qe7 24. Nbd2 Bxd3 25. Qh5 h6 26. Nxf6 Bxf1 27. Nde4 Rxc2
28. Ng4 Rd1 29. Nef2 Qc5 30. Re3 Qxe3 31. h4 Rxf2 32. Nxe3 Be2+ 33. Nxd1 Rf1+
0-1

[Event "C.to Provinciale CO"]
[Site "Mariano Comense ITA"]
[Date "2002.02.10"]
[Round "2"]
[White "Lancianese, Giuseppe"]
[Black "Guerrini, Donato"]
[Result "1-0"]
[WhiteElo "1645"]
[BlackElo "2035"]
[PlyCount "71"]
[EventDate "2002.02.09"]

1. e4 e6 2. d4 d5 3. Nd2 Nf6 4. e5 Nfd7 5. Ngf3 c5 6. c3 Nc6 7. Nb3 cxd4 8.
cxd4 a5 9. a4 Bb4+ 10. Bd2 Qb6 11. Bb5 O-O 12. O-O f6 13. Bxb4 Nxb4 14. Bxd7
Bxd7 15. Nc5 Be8 16. exf6 gxf6 17. Rc1 Na6 18. Re1 Nxc5 19. Rxc5 Bd7 20. Nh4
Rac8 21. Qg4+ Kh8 22. Rec1 Qxb2 23. g3 Rxc5 24. Rxc5 Rg8 25. Qf4 Kg7 26. Rc7
Rd8 27. Qd6 Qb4 28. Rxd7+ Rxd7 29. Qxd7+ Kh6 30. Qxe6 Qxa4 31. Qxf6+ Kh5 32.
Qf7+ Kh6 33. Qf6+ Kh5 34. Nf3 Qd1+ 35. Kg2 Qc1 36. h3 1-0

[Event "C.to Provinciale CO"]
[Site "Mariano Comense ITA"]
[Date "2002.02.10"]
[Round "2"]
[White "Mason, Giovanni"]
[Black "Bellotto, Stefano"]
[Result "0-1"]
[WhiteElo "1600"]
[BlackElo "1710"]
[PlyCount "70"]
[EventDate "2002.02.09"]

1. e4 d6 2. d4 Nf6 3. Nc3 c6 4. f4 Qa5 5. Qd3 d5 6. Bd2 dxe4 7. Nxe4 Qf5 8.
Nd6+ exd6 9. Qxf5 Bxf5 10. O-O-O Be7 11. Re1 d5 12. Bb4 Ne4 13. Bxe7 Kxe7 14.
Bd3 Kd6 15. Bxe4 Bxe4 16. Re2 Nd7 17. Nh3 h6 18. Rhe1 f5 19. g3 Nf6 20. Nf2
Rae8 21. c3 g5 22. a3 g4 23. Kd2 h5 24. Nd1 h4 25. Ne3 hxg3 26. hxg3 Kd7 27.
Nf1 Bf3 28. Re5 Ne4+ 29. R1xe4 Bxe4 30. Ke1 Rxe5 31. dxe5 Rh3 32. Kf2 c5 33. b4
d4 34. cxd4 cxd4 35. b5 Bd3 0-1

[Event "C.to Provinciale CO"]
[Site "Mariano Comense ITA"]
[Date "2002.02.10"]
[Round "2"]
[White "Nacca, Bruno"]
[Black "Bevilacqua, Roberto"]
[Result "1/2-1/2"]
[WhiteElo "1630"]
[BlackElo "2063"]
[PlyCount "97"]
[EventDate "2002.02.09"]

1. d4 d5 2. Bg5 c6 3. e3 Qb6 4. b3 Nd7 5. Nf3 Ngf6 6. Bd3 h6 7. Bh4 g5 8. Bg3
Bg7 9. Nbd2 Nh5 10. O-O Nxg3 11. hxg3 O-O 12. c4 e5 13. cxd5 cxd5 14. dxe5 Nxe5
15. Nxe5 Bxe5 16. Rc1 g4 17. Qc2 Qf6 18. e4 Be6 19. exd5 Bxd5 20. Ne4 Qg7 21.
Qe2 Rfe8 22. Qd2 Rad8 23. Qc2 Bb2 24. Rb1 Bd4 25. Rfe1 Qe5 26. Kh1 f5 27. Nd2
Qxe1+ 28. Rxe1 Rxe1+ 29. Nf1 Rde8 30. Kg1 Bb6 31. Kh2 Be4 32. Bxe4 R1xe4 33.
Ne3 Bxe3 34. fxe3 Kf7 35. Qc5 R4e5 36. Qxa7 R8e7 37. Qb6 R5e6 38. Qb5 Kf6 39.
Qb4 Rxe3 40. Qd4+ Kg6 41. Qh8 Re8 42. Qd4 R8e6 43. Qh8 Re8 44. Qd4 Re1 45. Qb6+
R8e6 46. Qd8 Rb1 47. Qg8+ Kf6 48. Qf8+ Kg6 49. Qg8+ 1/2-1/2

[Event "C.to Provinciale CO"]
[Site "Mariano Comense ITA"]
[Date "2002.02.10"]
[Round "2"]
[White "Revinelli, Sergio"]
[Black "Colombo, Samuel"]
[Result "1/2-1/2"]
[WhiteElo "1675"]
[BlackElo "1500"]
[PlyCount "95"]
[EventDate "2002.02.09"]

1. e4 e6 2. d4 d5 3. Nd2 c5 4. exd5 Qxd5 5. Ngf3 Nf6 6. Bc4 Qd6 7. Nb3 cxd4 8.
Qxd4 Nc6 9. Qxd6 Bxd6 10. O-O O-O 11. Rd1 Be7 12. Bf4 b6 13. c3 Bb7 14. Nbd4
Bc5 15. Nb3 Be7 16. h3 Rfd8 17. Be2 h6 18. Kf1 Rxd1+ 19. Rxd1 Rd8 20. Rxd8+
Bxd8 21. Nbd4 Nxd4 22. Nxd4 a6 23. Bf3 Bxf3 24. Nxf3 Nd5 25. Bd6 Bc7 26. Bxc7
Nxc7 27. Ne5 f6 28. Nd7 b5 29. Ke2 Kf7 30. Kd3 Ke7 31. Nc5 Kd6 32. b4 Kd5 33.
f3 f5 34. a4 e5 35. g3 g6 36. a5 g5 37. Nd7 e4+ 38. fxe4+ fxe4+ 39. Kd2 Kc4 40.
Ne5+ Kb3 41. Nc6 e3+ 42. Kd3 Nd5 43. Nd4+ Kb2 44. Ne2 Kb3 45. Nd4+ Kb2 46. Ne2
Kb3 47. Nd4+ Kb2 48. Ne2 1/2-1/2

[Event "C.to Provinciale CO"]
[Site "Mariano Comense ITA"]
[Date "2002.02.10"]
[Round "2"]
[White "Romano', Fabio"]
[Black "Negri, Sergio"]
[Result "1-0"]
[WhiteElo "1771"]
[BlackElo "1630"]
[PlyCount "103"]
[EventDate "2002.02.09"]

1. e4 e6 2. d4 d5 3. Nd2 dxe4 4. Nxe4 Nd7 5. Nf3 Ngf6 6. Bg5 Be7 7. Nxf6+ Nxf6
8. Bd3 O-O 9. c3 h6 10. Bh4 Nd5 11. Bg3 c5 12. dxc5 Bxc5 13. Qc2 Bd6 14. Rd1
Kh8 15. Be4 Re8 16. O-O Bxg3 17. hxg3 Qc7 18. Bxd5 exd5 19. Rxd5 Be6 20. Rd2
Rac8 21. Rc1 Qc4 22. b3 Qc5 23. Qb2 Kg8 24. c4 Bg4 25. Rd5 Qc6 26. Ne5 Qf6 27.
Qd4 Rcd8 28. Nf3 Qxd4 29. Rxd4 Bxf3 30. Rxd8 Rxd8 31. gxf3 Rd2 32. Ra1 Re2 33.
Rd1 Rxa2 34. Rd8+ Kh7 35. Rd7 b6 36. Rxf7 Rb2 37. Rxa7 Rxb3 38. Kg2 Rc3 39. Ra4
Rd3 40. Rb4 Rd4 41. Rxb6 Rxc4 42. Re6 Rc3 43. f4 Rb3 44. g4 Rc3 45. f3 Rc2+ 46.
Kg3 Rc1 47. f5 Rc4 48. Re7 Rc6 49. f4 Rf6 50. Re6 Rf7 51. g5 Rc7 52. g6+ 1-0

[Event "C.to Provinciale CO"]
[Site "Mariano Comense ITA"]
[Date "2002.02.10"]
[Round "2"]
[White "Rossi, Giampiero"]
[Black "Sironi, Roberto"]
[Result "1-0"]
[WhiteElo "2065"]
[BlackElo "1698"]
[PlyCount "107"]
[EventDate "2002.02.09"]

1. d4 e6 2. c4 Nf6 3. Nc3 Be7 4. Bg5 d5 5. e3 Nbd7 6. Qc2 O-O 7. cxd5 exd5 8.
Bd3 h6 9. Bh4 c5 10. Nge2 b6 11. O-O Bb7 12. Rfd1 Rc8 13. Bf5 g6 14. Bxg6 fxg6
15. Qxg6+ Kh8 16. Qxh6+ Nh7 17. Bxe7 Qxe7 18. Nf4 Qf6 19. Qxf6+ Rxf6 20. dxc5
Nxc5 21. Ncxd5 Rf7 22. Ne7 Re8 23. b4 Ne6 24. Neg6+ Kg7 25. Nxe6+ Rxe6 26. Nf4
Re5 27. Rd4 Nf6 28. Rc1 Nh5 29. Nxh5+ Rxh5 30. f3 Rg5 31. e4 Ba6 32. Kf2 Re5
33. g3 Ree7 34. f4 Rc7 35. Rdd1 Bc4 36. a3 b5 37. e5 Rcd7 38. Ke3 Kg6 39. g4
Rh7 40. Rxd7 Rxd7 41. Rc3 Rh7 42. Ke4 Rxh2 43. f5+ Kf7 44. g5 Rh4+ 45. Ke3 Rg4
46. g6+ Kg7 47. Kf3 Rh4 48. Re3 Bd5+ 49. Kg3 Re4 50. Rxe4 Bxe4 51. Kf4 Bd3 52.
Kg5 Bc4 53. e6 Bd5 54. e7 1-0

[Event "C.to Provinciale CO"]
[Site "Mariano Comense ITA"]
[Date "2002.02.10"]
[Round "2"]
[White "Vignotto, Ciro"]
[Black "Zecca, Carlo"]
[Result "1-0"]
[WhiteElo "1618"]
[BlackElo "1455"]
[PlyCount "43"]
[EventDate "2002.02.09"]

1. e4 d5 2. exd5 Qxd5 3. Nc3 Qa5 4. d4 Nf6 5. Nf3 c6 6. Bc4 b5 7. Bb3 Bg4 8.
Bxf7+ Kxf7 9. Ne5+ Ke8 10. Nxg4 Nbd7 11. O-O Qc7 12. Bg5 Kf7 13. Re1 h6 14. Bh4
g5 15. Bg3 Qd8 16. Qe2 Nxg4 17. Qxg4 Nf6 18. Qe6+ Kg7 19. Be5 Qe8 20. Bxf6+
exf6 21. Qxe8 Rxe8 22. Rxe8 1-0

[Event "C.to Provinciale CO"]
[Site "Mariano Comense ITA"]
[Date "2002.02.10"]
[Round "3"]
[White "Bellotto, Stefano"]
[Black "Rossi, Giampiero"]
[Result "1/2-1/2"]
[WhiteElo "1710"]
[BlackElo "2065"]
[PlyCount "93"]
[EventDate "2002.02.09"]

1. d4 d5 2. c4 e6 3. Nc3 Nf6 4. cxd5 exd5 5. Bg5 Nbd7 6. e3 c6 7. Bd3 Be7 8.
Qc2 O-O 9. Nge2 Re8 10. O-O Nf8 11. Rae1 Nh5 12. Bxe7 Qxe7 13. a3 g6 14. Qd2
Qg5 15. Nf4 Ng7 16. Nce2 Bf5 17. Ng3 Bxd3 18. Nxd3 Nf5 19. Nxf5 Qxf5 20. Nc5
Re7 21. Rc1 Ne6 22. Qb4 Nxc5 23. Rxc5 Qe6 24. Rfc1 Rae8 25. a4 f5 26. g3 Rf7
27. Qd2 Ree7 28. b4 a6 29. b5 axb5 30. axb5 cxb5 31. Qa2 Rd7 32. Rxb5 g5 33.
Qe2 f4 34. Rc8+ Kg7 35. Qh5 h6 36. gxf4 gxf4 37. Qe5+ Qxe5 38. dxe5 Rf5 39.
exf4 Rxf4 40. Rb6 Re7 41. Rb8 Re4 42. R8xb7 R4xe5 43. Rxe7+ Rxe7 44. Rd6 Re5
45. Kg2 Rg5+ 46. Kf3 Rf5+ 47. Kg3 1/2-1/2

[Event "C.to Provinciale CO"]
[Site "Mariano Comense ITA"]
[Date "2002.02.10"]
[Round "3"]
[White "Bevilacqua, Roberto"]
[Black "Guerrini, Donato"]
[Result "0-1"]
[WhiteElo "2063"]
[BlackElo "2035"]
[PlyCount "78"]
[EventDate "2002.02.09"]

1. e4 e6 2. d4 d5 3. Nd2 Nf6 4. e5 Nfd7 5. Ngf3 c5 6. c3 Nc6 7. Nb3 Qb6 8. h4
cxd4 9. cxd4 a5 10. a4 Bb4+ 11. Bd2 Bxd2+ 12. Kxd2 f6 13. exf6 Nxf6 14. Bb5 Bd7
15. Ke1 Nb4 16. Bxd7+ Nxd7 17. Rc1 O-O 18. Rc3 e5 19. Rh3 Rae8 20. dxe5 Nxe5
21. Kf1 Ng4 22. Qd4 Qxd4 23. Nbxd4 Re4 24. b3 Nxf2 25. Kxf2 Rxd4 26. Kg1 Rd1+
27. Kh2 Nc6 28. Ng5 Rf6 29. Rce3 h6 30. Ne6 d4 31. Re4 d3 32. Rg3 Rf7 33. Ree3
Nb4 34. Nc5 Rff1 35. Kh3 h5 36. Rg6 d2 37. Ne4 Rde1 38. Nxd2 Rxe3+ 39. Kh2 Rf4
0-1

[Event "C.to Provinciale CO"]
[Site "Mariano Comense ITA"]
[Date "2002.02.10"]
[Round "3"]
[White "Colombo, Samuel"]
[Black "Nacca, Bruno"]
[Result "0-1"]
[WhiteElo "1500"]
[BlackElo "1630"]
[PlyCount "108"]
[EventDate "2002.02.09"]

1. d4 Nf6 2. c4 g6 3. Nc3 Bg7 4. e4 d6 5. Nf3 O-O 6. Be2 e5 7. d5 a5 8. O-O Na6
9. Bg5 h6 10. Bxf6 Bxf6 11. Nd2 Bg5 12. Nf3 Be7 13. Qd2 Kh7 14. h3 f5 15. exf5
gxf5 16. Kh1 Nc5 17. Rg1 Rg8 18. Qc2 Kh8 19. Nh2 Bg5 20. Nf3 Bh4 21. Qd2 f4 22.
g3 Bg5 23. Nxg5 hxg5 24. g4 Qf6 25. f3 Qh6 26. Bf1 Bd7 27. Kg2 Kg7 28. Rh1 Rh8
29. Kg1 b6 30. Qc2 Be8 31. Re1 Bg6 32. Qd2 Qh7 33. Rh2 Rhe8 34. Nb5 Re7 35. b3
Kg8 36. Nc3 Rae8 37. Qf2 e4 38. fxe4 Bxe4 39. Nxe4 Rxe4 40. Rxe4 Qxe4 41. Qc2
Qe3+ 42. Rf2 Ne4 43. Bg2 Qxf2+ 44. Qxf2 Nxf2 45. Kxf2 Re3 46. Bf1 Rc3 47. Kg1
Rc2 48. a3 Rb2 49. b4 axb4 50. axb4 Rxb4 51. Kf2 Rb3 52. Ke2 Kg7 53. Kd2 Kf6
54. Kc2 Re3 0-1

[Event "C.to Provinciale CO"]
[Site "Mariano Comense ITA"]
[Date "2002.02.10"]
[Round "3"]
[White "Corti, Filippo"]
[Black "Colombo, Eugenio"]
[Result "1/2-1/2"]
[WhiteElo "1621"]
[BlackElo "1582"]
[PlyCount "77"]
[EventDate "2002.02.09"]

1. Nf3 Nc6 2. g3 e5 3. d3 d5 4. Bg2 h6 5. O-O Be6 6. Nbd2 Nf6 7. e4 Qd7 8. Re1
dxe4 9. Nxe4 Nxe4 10. dxe4 O-O-O 11. Be3 Qxd1 12. Rexd1 Be7 13. a3 f6 14. Nh4
Rxd1+ 15. Rxd1 Rd8 16. Rb1 Nd4 17. Bxd4 Rxd4 18. Nf5 Bxf5 19. exf5 Rd2 20. Be4
Bc5 21. Rf1 c6 22. Kg2 Bd4 23. c3 Bb6 24. b3 a5 25. b4 Ra2 26. bxa5 Bxa5 27.
Kh3 Bxc3 28. Kh4 Kd7 29. Kh5 Ke7 30. Kg6 Kf8 31. Rd1 Bd4 32. Rb1 Rb2 33. Rxb2
Bxb2 34. a4 Bd4 35. f3 Bf2 36. g4 Be1 37. Bd3 c5 38. Bc4 b6 39. Bd5 1/2-1/2

[Event "C.to Provinciale CO"]
[Site "Mariano Comense ITA"]
[Date "2002.02.10"]
[Round "3"]
[White "Negri, Sergio"]
[Black "Mason, Giovanni"]
[Result "0-1"]
[WhiteElo "1630"]
[BlackElo "1600"]
[PlyCount "58"]
[EventDate "2002.02.09"]

1. Nf3 g6 2. g3 f5 3. d3 Bg7 4. c3 Na6 5. Bg2 d5 6. O-O Nf6 7. Bd2 c6 8. Qc1
Nc5 9. Bh6 O-O 10. Bxg7 Kxg7 11. Qg5 Ncd7 12. Nh4 Ne5 13. Qf4 Nf7 14. Nd2 e5
15. Qa4 Re8 16. Rad1 Qc7 17. Nhf3 Bd7 18. Qh4 c5 19. Ng5 h6 20. Nxf7 Kxf7 21.
Qxh6 Rh8 22. Qe3 Rxh2 23. Nf3 Ng4 24. Ng5+ Kf6 25. Qd2 Rah8 26. f3 e4 27. fxg4
Qxg3 28. Nxe4+ dxe4 29. g5+ Kg7 0-1

[Event "C.to Provinciale CO"]
[Site "Mariano Comense ITA"]
[Date "2002.02.10"]
[Round "3"]
[White "Orsenigo, Davide"]
[Black "Revinelli, Sergio"]
[Result "0-1"]
[WhiteElo "1570"]
[BlackElo "1675"]
[PlyCount "106"]
[EventDate "2002.02.09"]

1. e4 e5 2. Nf3 Nc6 3. d4 exd4 4. Bc4 Nf6 5. e5 d5 6. Bb5 Ne4 7. Nxd4 Bd7 8.
Bxc6 bxc6 9. O-O Bc5 10. c3 O-O 11. Nd2 Nxd2 12. Bxd2 Re8 13. Re1 Qh4 14. f4 a5
15. Kh1 Bb6 16. Qc2 c5 17. Nf3 Qg4 18. Be3 Bc6 19. Qf2 d4 20. cxd4 Bxf3 21.
Qxf3 Qxf3 22. gxf3 cxd4 23. Bf2 c5 24. Rac1 g6 25. Bh4 Rac8 26. Rc4 Rc6 27. Rd1
Rec8 28. Kg2 Kf8 29. Kf2 Ke8 30. Ke2 Kd7 31. Kd3 Re6 32. Rdc1 Rec6 33. Bf6 Ke6
34. Ke4 R8c7 35. Rd1 Rd7 36. Rd3 Ba7 37. b3 Ra6 38. Rd1 Bb6 39. Rd3 Ra8 40. Rd2
Ra6 41. h3 Ba7 42. Rd1 Rb7 43. Rd3 a4 44. Rc2 axb3 45. Rxb3 Rxb3 46. axb3 Ra3
47. Bh4 Rxb3 48. Bf2 Bb6 49. h4 h5 50. Rd2 Rb1 51. Rc2 Rb4 52. Kd3 Kd5 53. Be1
Rb3+ 0-1

[Event "C.to Provinciale CO"]
[Site "Mariano Comense ITA"]
[Date "2002.02.10"]
[Round "3"]
[White "Petetta, Roberto"]
[Black "Buonocore, Elio"]
[Result "0-1"]
[WhiteElo "1579"]
[BlackElo "2105"]
[PlyCount "54"]
[EventDate "2002.02.09"]

1. e4 c5 2. Nf3 Nc6 3. d4 cxd4 4. Nxd4 Nf6 5. Nc3 e5 6. Ndb5 d6 7. Bg5 a6 8.
Na3 b5 9. Bxf6 gxf6 10. Nd5 f5 11. Qd3 Bg7 12. O-O-O fxe4 13. Qxe4 O-O 14. Ne7+
Nxe7 15. Qxa8 Qc7 16. Qe4 d5 17. Qe2 Bh6+ 18. Kb1 b4 19. Nc4 dxc4 20. Qxc4 Qb6
21. Bd3 Bg7 22. Qh4 Ng6 23. Qg3 Be6 24. h4 Qa5 25. b3 e4 26. c4 bxc3 27. Rc1
exd3 0-1

[Event "C.to Provinciale CO"]
[Site "Mariano Comense ITA"]
[Date "2002.02.10"]
[Round "3"]
[White "Romano', Fabio"]
[Black "Lancianese, Giuseppe"]
[Result "1-0"]
[WhiteElo "1771"]
[BlackElo "1645"]
[PlyCount "87"]
[EventDate "2002.02.09"]

1. e4 c5 2. Nf3 d6 3. d4 cxd4 4. Nxd4 Nf6 5. Nc3 a6 6. a4 e5 7. Nf3 Be6 8. Bg5
Be7 9. Bxf6 gxf6 10. Nd5 Nd7 11. b4 Nb6 12. c4 Nxd5 13. cxd5 Bg4 14. Be2 Bh5
15. h3 Bg6 16. Bd3 Qd7 17. Nh4 O-O 18. g4 Rfe8 19. Nf5 Bxf5 20. gxf5 Kh8 21.
Qh5 Bf8 22. Rg1 Bg7 23. Rg4 Rg8 24. Ke2 Bf8 25. Rh4 h6 26. Qf3 Rg5 27. Qe3 Rc8
28. b5 Ra8 29. Rg4 Kh7 30. Qb6 axb5 31. Bxb5 Qc8 32. Kd2 Qc5 33. Qxc5 dxc5 34.
Kc3 b6 35. Rb1 Bd6 36. Kc4 Bc7 37. Bc6 Rc8 38. Kb5 Kg7 39. Rd1 Kf8 40. d6 Bd8
41. Ka6 b5 42. Bxb5 Rh5 43. h4 Bb6 44. Rdg1 1-0

[Event "C.to Provinciale CO"]
[Site "Mariano Comense ITA"]
[Date "2002.02.10"]
[Round "3"]
[White "Sironi, Roberto"]
[Black "Vignotto, Ciro"]
[Result "1/2-1/2"]
[WhiteElo "1698"]
[BlackElo "1618"]
[PlyCount "115"]
[EventDate "2002.02.09"]

1. d4 d5 2. c4 e6 3. Nf3 Nf6 4. Nc3 Nbd7 5. Bg5 Be7 6. e3 O-O 7. Bd3 c6 8. h4
Re8 9. c5 Nf8 10. b4 N6d7 11. Qc2 Bf6 12. Ne5 Be7 13. Bxe7 Qxe7 14. f4 f6 15.
Nxd7 Bxd7 16. O-O-O a5 17. b5 cxb5 18. Bxb5 Rec8 19. f5 b6 20. Bxd7 Nxd7 21.
cxb6 Nxb6 22. Kd2 exf5 23. Qd3 Nc4+ 24. Ke2 Qe6 25. Rdf1 Re8 26. Rh3 g6 27. Rg3
Kf7 28. Rgf3 Rab8 29. Nd1 h5 30. Kf2 Qe4 31. Qxe4 Rxe4 32. Nc3 Rb2+ 33. Kg1
Nxe3 34. Nxe4 Nxf1 35. Nc5 Nd2 36. Ra3 Nc4 37. Ra4 Rb4 38. Rxb4 axb4 39. Na6
Ke7 40. Nxb4 Kd6 41. Kf2 g5 42. g3 Na5 43. Ke3 Nc6 44. Nd3 Na7 45. Nf2 f4+ 46.
gxf4 gxh4 47. Nh3 Ke6 48. Ng1 Kf5 49. a4 Kg4 50. Ne2 h3 51. Kf2 Nc6 52. Nc3 Nb4
53. a5 Kxf4 54. a6 Nxa6 55. Nxd5+ Kf5 56. Kg3 Nb8 57. Kxh3 Nc6 58. Kh4 1/2-1/2

[Event "C.to Provinciale CO"]
[Site "Mariano Comense ITA"]
[Date "2002.02.16"]
[Round "4"]
[White "Buonocore, Elio"]
[Black "Lancianese, Giuseppe"]
[Result "1-0"]
[WhiteElo "2105"]
[BlackElo "1645"]
[PlyCount "31"]
[EventDate "2002.02.09"]

1. e4 c5 2. Nf3 d6 3. d4 cxd4 4. Nxd4 Nf6 5. Nc3 a6 6. Bg5 e6 7. f4 b5 8. e5
dxe5 9. fxe5 Qc7 10. exf6 Qe5+ 11. Be2 Qxg5 12. Qd3 Bb4 13. O-O Bb7 14. Ne4
Bxe4 15. Qxe4 Ra7 16. Nxe6 1-0

[Event "C.to Provinciale CO"]
[Site "Mariano Comense ITA"]
[Date "2002.02.16"]
[Round "4"]
[White "Colombo, Eugenio"]
[Black "Sironi, Roberto"]
[Result "0-1"]
[WhiteElo "1582"]
[BlackElo "1698"]
[PlyCount "71"]
[EventDate "2002.02.09"]

1. e4 e6 2. d4 d5 3. Nc3 Bb4 4. exd5 exd5 5. Nf3 Bg4 6. Bd3 h6 7. Be3 Nf6 8. a3
Ba5 9. b4 Bb6 10. h3 Be6 11. Qd2 c6 12. Na4 Nbd7 13. Nxb6 axb6 14. O-O b5 15.
Rfe1 Ra4 16. Ne5 Nb6 17. f3 Qa8 18. Qc3 O-O 19. Bc1 Qc8 20. Ng4 Nbd7 21. Qd2
Nxg4 22. hxg4 Qd8 23. Qf2 Qf6 24. g3 Rfa8 25. Kg2 Nb6 26. Re5 Nc4 27. g5 Qd8
28. Bxc4 dxc4 29. gxh6 g6 30. c3 Kh7 31. f4 Bd5+ 32. Kh3 Kxh6 33. f5+ Kg7 34.
g4 f6 35. fxg6 fxe5 36. dxe5 0-1

[Event "C.to Provinciale CO"]
[Site "Mariano Comense ITA"]
[Date "2002.02.16"]
[Round "4"]
[White "Colombo, Samuel"]
[Black "Corti, Filippo"]
[Result "0-1"]
[WhiteElo "1500"]
[BlackElo "1621"]
[PlyCount "62"]
[EventDate "2002.02.09"]

1. d4 Nf6 2. c4 g6 3. Nc3 Bg7 4. e4 d6 5. Be2 O-O 6. h3 Nbd7 7. Nf3 e5 8. d5
Nc5 9. Bg5 a5 10. O-O h6 11. Bxf6 Qxf6 12. Re1 Qe7 13. Nh2 f5 14. exf5 Bxf5 15.
Bg4 Rf7 16. Bxf5 gxf5 17. Rb1 Re8 18. a3 e4 19. Qc2 Qh4 20. Rf1 Nd3 21. Ne2 Be5
22. Nc1 Nf4 23. Kh1 Nxg2 24. Rg1 Qxh3 25. Rxg2+ Kh7 26. Qb3 Qh5 27. Qxb7 Bxh2
28. Na2 Bf4+ 29. Kg1 e3 30. Re1 Rfe7 31. Nc3 exf2+ 0-1

[Event "C.to Provinciale CO"]
[Site "Mariano Comense ITA"]
[Date "2002.02.16"]
[Round "4"]
[White "Guerrini, Donato"]
[Black "Mason, Giovanni"]
[Result "1-0"]
[WhiteElo "2035"]
[BlackElo "1600"]
[PlyCount "99"]
[EventDate "2002.02.09"]

1. Nf3 g6 2. g3 d5 3. Bg2 Nf6 4. b4 Bg7 5. Bb2 O-O 6. d3 Na6 7. a3 c6 8. Nbd2
Nc7 9. O-O Nfe8 10. Bxg7 Nxg7 11. c4 f6 12. Qb3 Be6 13. e4 dxc4 14. dxc4 Nb5
15. Qb2 Nd6 16. Rad1 Qc7 17. Qc3 Rad8 18. Rfe1 b5 19. c5 Nc4 20. Nd4 Bf7 21.
Nxc4 Bxc4 22. e5 Bd5 23. Nxb5 cxb5 24. Rxd5 Rxd5 25. Bxd5+ Kh8 26. Bg2 Qd7 27.
Bf1 a6 28. Re3 f5 29. Rd3 Qc8 30. f4 Kg8 31. Qb3+ e6 32. Rd6 Rd8 33. Qd1 Rxd6
34. exd6 Qd7 35. Bg2 Kf7 36. c6 Qd8 37. Qd4 Ne8 38. Qa7+ Kf6 39. Qd7 Qb6+ 40.
Kf1 Nxd6 41. Qxd6 Kf7 42. Qd7+ Kf6 43. Qc8 e5 44. Qf8+ Ke6 45. Qe8+ Kf6 46.
fxe5+ Kg5 47. Qe7+ Kh6 48. Qf8+ Kg5 49. Qf6+ Kh6 50. h4 1-0

[Event "C.to Provinciale CO"]
[Site "Mariano Comense ITA"]
[Date "2002.02.16"]
[Round "4"]
[White "Nacca, Bruno"]
[Black "Bellotto, Stefano"]
[Result "0-1"]
[WhiteElo "1630"]
[BlackElo "1710"]
[PlyCount "40"]
[EventDate "2002.02.09"]

1. d4 d6 2. Nf3 f5 3. Bf4 g6 4. c3 Bg7 5. g3 Nf6 6. Qb3 e6 7. Bg2 Nc6 8. Ng5
Qe7 9. Qb5 O-O 10. O-O Nd8 11. Nd2 h6 12. Ngf3 g5 13. Be3 Nd5 14. Nb3 Bd7 15.
Qd3 a5 16. Rac1 a4 17. Na1 b5 18. c4 bxc4 19. Qxc4 Rb8 20. Rc2 Bb5 0-1